000 01183cam a22003374i 4500
003 PE-LiUPU
005 20250731175631.0
008 150625s r 000 0 d
035 _a(Sirsi) a30344
035 _a(Sirsi) a30344
040 _aPE-LiUPU
_bspa
_cPE-LiUPU
_erda
082 0 4 _a487.415
_bB57
_221
100 1 _aBlass, f.,
_eautor.
245 1 0 _aGreek Gramar of the New Testamen.
264 1 _a
336 _atext
_2rdacontent
337 _aunmediated
_2rdamedia
338 _avolume
_2rdacarrier
526 _aP145
526 _aP127
526 _aP97
526 _aP35
526 _aP14
526 _aP07
942 _2ddc
_cBOOK
949 _a487.415 B57
_wDEWEY
_c1
_i38718
_lRC
_mBUL
_r0
_sY
_tBOOK
_u2015-6-25
_xBIBLIOTECA
_zUNKNOWN
_0COMPRA
_o.CIRCNOTE. No olvidar cambiar la fecha de devolución!!!!!!!
_o.STAFF. Colección General
994 _aC0
_bPEPRU
596 _a1
999 _a487.415 B57
_wDEWEY
_c37789
_i38718
_d37789
_f2021-11-12
_g5
_lCCODEBUL1
_mBUL
_q2
_r0
_sY
_tBOOK
_u2015-6-25
_xTEOLOGIA
_zUNKNOWN
_0COMPRA
_o.CIRCNOTE. No olvidar cambiar la fecha de devolución!!!!!!!
_o.STAFF. Colección General
980 _81
_gALBERTO SANCHEZ Responsable de Automatización